Sustainable use of biological diversity in socio-ecological production landscapes : (Registro nro. 18880)
[ vista simple ]
| 000 -CABECERA | |
|---|---|
| Campo de control | 01064nam a2200241 a 4500 |
| 005 - FECHA Y HORA DE LA ULTIMA TRANSACCION | |
| Campo de control | 20160719124136.0 |
| 008 - ELEMENTOS DE LONGITUD FIJA—INFORMACION GENERAL | |
| Campo de control | 160719t2010 -cnao|||r|||| 00| 0 eng d |
| 020 ## - ISBN | |
| ISBN | 9292252410 |
| 040 ## - FUENTE DE CATALOGACIÓN | |
| Agencia catalogadora original | CO-BoIAVH |
| Agencia transcriptora | CO-BoIAVH |
| 041 0# - IDIOMA | |
| Código de idioma para texto/pista de sonido o título separado | Inglés |
| 044 ## - PAÍS DE PUBLICACIÓN | |
| País de publicación | Canadá |
| 082 04 - NUMERO DE CLASIFICACION DECIMAL DEWEY | |
| Número de clasificación | 333.9516 |
| Número del ítem | S96u |
| 245 00 - MENCION DE TITULO | |
| Título | Sustainable use of biological diversity in socio-ecological production landscapes : |
| Parte restante del título | background to the '"Santoyama Inititive for the benefit of biodiversity and human well being" / |
| Mención de responsabilidad | Editado por Bélair C. [y otros 3 ] |
| 260 ## - PUBLICACION, DISTRIBUCION, ETC. (PIE DE IMPRENTA) | |
| Lugar de publicación, distribución, etc. | Montreal, Canadá : |
| Nombre del editor, distribuidor, etc. | Secretariat of the Convention on Biological Diversity, |
| Fecha de publicación, distribución, etc. | c2010. |
| 300 ## - DESCRIPCION FISICA | |
| Extensión | 184 páginas : |
| Otros detalles físicos | ilustraciones (algunas a color) y fotografías a color ; |
| Dimensiones | 30 x 21 cm. |
| 490 0# - MENCION DE SERIE | |
| Mención de serie | CBD Technical Series ; |
| Designación numérica/secuencial del volumen | 52 |
| 504 ## - NOTA DE BIBLIOGRAFIA, ETC. | |
| Nota de bibliografía | Incluye referencias bibliográficas. |
| 650 26 - ASIENTO SECUNDARIO DE MATERIA - TERMINO TEMATICO | |
| Término temático o nombre geográfico como elemento de entrada | Paisajismo |
| Subdivisión general | Producción |
| 9 (RLIN) | 72974 |
| 650 26 - ASIENTO SECUNDARIO DE MATERIA - TERMINO TEMATICO | |
| Término temático o nombre geográfico como elemento de entrada | Biodiversidad |
| Subdivisión general | Sostenibilidad |
| 9 (RLIN) | 72975 |
| 650 26 - ASIENTO SECUNDARIO DE MATERIA - TERMINO TEMATICO | |
| Término temático o nombre geográfico como elemento de entrada | Biodiversidad |
| Subdivisión general | Gestión |
| 9 (RLIN) | 72976 |
| 710 2# - ASIENTO SECUNDARIO - NOMBRE CORPORATIVO | |
| Nombre corporativo o de jurisdicción como elemento de entrada | Secretariat of the Convention on Biological Diversity. |
| 9 (RLIN) | 72977 |
| 942 ## - ELEMENTOS ADICIONALES (KOHA) | |
| Sistema de clasificación | Dewey Decimal Classification |
| Tipo de ítem | Libro |
| Withdrawn status | Lost status | Sistema de Clasificación | Damaged status | No para préstamo | Colección | Inventariado | Ubicación Permanente | Ubicación actual | Fecha de adquisición | Fuente de Valor | Valor | Total Checkouts | Número topográfico | Inventario / Código de Barras | Date last seen | Ejemplar | Price effective from | Forma de adquisición | Tipo de material |
|---|---|---|---|---|---|---|---|---|---|---|---|---|---|---|---|---|---|---|---|
| Dewey Decimal Classification | General | Inventariado 2017 | Bogotá | Bogotá | 19/07/2016 | Instituto | 39000.00 | LB-333.9516 S96u | 040547 | 19/07/2016 | Ej. 1 | 19/07/2016 | Donación | Libro |